00305pab a2200121 454500008004000000100001800040245005300058260000900111300001700120362000800137650001500145773002300160180718b2013 xxu||||| |||| 00| 0 eng d aNou, Jennifer aAgency self-insulation under presidential review c2013 ap.1755-1837. aMay aPresidents aHarvard Law Review